000 006050000a22001810004500
003 MACL
005 20160331170958.0
008 160331b xxu||||| |||| 00| 0 eng d
040 _aMACL
_cMACL
041 _aHindi
082 _a300
100 _aपांडे विश्‍वम्‍भरनाथ
_949467
245 _aगांधीजी और हिन्‍दू मुस्लिम एकता
260 _bखुदा बख्‍श ओरियन्‍टल पब्लिक
_c1992
_aपटना
350 _a5
650 _aSociology
_949468
942 _cHIN
_k300
_2ddc
999 _c20523
_d20523